Ingeniería de las competencias (Registro nro. 6825)
[ vista simple ]
| 000 -Cabecera | |
|---|---|
| Campo de control de longitud fija | 00743atm a2200265 4500 |
| 005 - Fecha y hora de la última transacción | |
| Campo de control | 20241104133557.0 |
| 008 - Elementos de longitud fija--Información general | |
| Campo de control de longitud fija | 150728b xxu||||| |||| 00| 0 spa d |
| 041 ## - Idioma | |
| Código de idioma | |
| 082 ## - Clasificación Decimal Dewey | |
| Número de clasificación | 658.3 L433in |
| 100 ## - Entrada principal--Autor personal | |
| Nombre personal | Le Boterf, Guy |
| 9 (RLIN) | 39402 |
| 245 ## - Título propiamente dicho | |
| Título | Ingeniería de las competencias |
| 260 ## - Pie de imprenta | |
| Lugar de publicación, distribución, etc. | España |
| Nombre del editor, distribuidor, etc. | Gestión 2000 |
| Fecha de publicación, distribución, etc. | 2001 |
| 300 ## - Descripción física | |
| Extensión | 461 páginas |
| 650 ## - Materia general | |
| Temática (materia general) | RECURSOS HUMANOS |
| 650 ## - Materia general | |
| Temática (materia general) | COMPETENCIAS LABORALES |
| 650 ## - Materia general | |
| Temática (materia general) | PROFESIONALIDAD |
| 650 ## - Materia general | |
| Temática (materia general) | PROFESIONALES |
| 650 ## - Materia general | |
| Temática (materia general) | GESTIÓN POR COMPETENCIAS |
| 650 ## - Materia general | |
| Temática (materia general) | PROCESOS DE FORMACIÓN |
| 650 ## - Materia general | |
| Temática (materia general) | GESTIÓN PREVENTIVA |
| 650 ## - Materia general | |
| Temática (materia general) | DESARROLLO DE RECURSOS HUMANOS |
| 650 ## - Materia general | |
| Temática (materia general) | COMPETENCIAS |
| 650 ## - Materia general | |
| Temática (materia general) | DESARROLLO ORGANIZACIONAL |
| 942 ## - Punto de acceso adicional KOHA | |
| Tipo de ítem KOHA | Libro |
| Fuente del sistema de clasificación o colocación | Dewey Decimal Classification |
| Signatura completa | Código de barras | Programa Académico | Tipo de ítem |
|---|---|---|---|
| 658.3 L433in | 11961 | Libro |